Vývojové tendence světového fotbalu

Podrobná bibliografia
Hlavný autor: Navara, Milan, 1928-2013 (Autor)
Médium: Článok
Jazyk:čeština
Fyzický popis:Obr. 1.
Predmet:

MARC

LEADER 00000nab a2200000 a 4500
001 vtls000144395
003 SK-MaSNL
005 20260303025746.0
008 160201c1983 xo 0 cze
015 |a SNBRB19rr/mm-uuuuu 
035 |a CL0154502 
040 |a SNKBUCL  |b slo  |c SNKBUCL  |e AACR2 
041 0 |a cze 
044 |a xo  |c SK 
080 |a 796.332  |2 1981 
100 1 |a Navara, Milan,  |d 1928-2013  |4 aut  |9 200552 
245 1 0 |a Vývojové tendence světového fotbalu  |c Milan Navara 
300 |b Obr. 1. 
650 0 7 |a futbal  |2 snkbucl  |9 3291 
655 7 |a články z novín a časopisov  |2 snkbucl  |9 267496 
773 0 |t Tréner  |g Roč. 27, č. 1 (1983), s. 18-21 
850 |a Slovenská národná knižnica v Martine  |a MTA001 
852 |a SNK  |b KIS3GCP 
958 |a RK 
958 |a CZ 
992 |a RBX 
999 |c 1648157  |d 1650087